000 00532nam a2200181Ia 4500
005 20250326142529.0
008 250326s9999 xx 000 0 und d
037 _aTextbook
040 _aFMSL
_beng
_cFMSL
041 _aeng
_2eng
084 _qFMSL
100 _aSakakibara E
245 0 _aPresent of the deregulation and internationalization of Toyo money and capital
_cSakakibara E; Nagao Y
260 _aTokyo.
_bTokyo., Japan Center for Int. Fice
_c1988
300 _a145p
942 _cTB
999 _c1295468
_d1295468